Entnazifizierung und Volksentscheid

Titel: Entnazifizierung und Volksentscheid
Verfasser:
In: Vom schweren Neubeginn nach dem Zweiten Weltkrieg 1945 in der Lausitz, (2016), Seite 156-160
alle Artikel anzeigen
Veröffentlicht: 2016
Format: Aufsatz
Sprache: Deutsch
Schlagworte:
Kein Bild verfügbar
X
alg: 48508549
001A    $03025:03-09-21 
001B    $01999:03-09-21 $t22:41:50.000 
001D    $03025:03-09-21 
001U    $0utf8 
001X    $00 
002@    $0Aou 
002C    $aText $btxt $2rdacontent 
002D    $aohne Hilfsmittel zu benutzen $bn $2rdamedia 
002E    $aBand $bnc $2rdacarrier 
003@    $0485085496 
007A    $0485085496 $aHEB 
010@    $ager 
010E    $erda 
011@    $a2016 
021A    $aEntnazifizierung und Volksentscheid 
027A    $aWeißwasser: Entnazifizierung und Volksentscheid / Werner Schubert 
028A    $BVerfasser $4aut $7 $8Schubert, Werner [Tnd] $9137767412 
031A    $h156-160 $j2016 
039B    $aEnthalten in $8--Aax--. Vom schweren Neubeginn nach dem Zweiten Weltkrieg 1945 in der Lausitz. - Kamenz : Dr. Dieter Rostowski, Autorenkreis "Lausitzer Almanach" e.V, 2016. - 384 Seiten. - Illustrationen, Karten $x201600000000000844 $948508385X 
044K    $#Weißwasser, Oberlausitz $#Weißwasser Oberlausitz $#Běła Woda $#Große Kreisstadt Weißwasser $74278971-0 $8Weißwasser/O. L. [Tg1] $9086503634 
044K    $RReeducation $#Denazification $#Dénazification $#Entnazifizierung $#Denazifizierung $74014891-9 $8Entnazifizierung [Ts1] $908503374X 
044K    $RAbstimmung $RVolksbegehren $#Referendum $#Plebiscite $#Référendum $#Plébiscite $#Plebiscito $#Referéndum $#Referendum $#Volksabstimmung $#Volksentscheid $#Plebiszit $#Referendum $#Volksentscheid $#Volksbefragung $74134790-0 $8Volksabstimmung [Ts1] $9085494747 
044K    $REigentumsentziehung $RKonfiskation $REnteignender Eingriff $REnteignungsgleicher Eingriff $RMaterielle Enteignung $#Eminent domain $#Expropriation $#Espropriazione $#Expropiación forzosa $#expropriation $#Enteignung $#Enteignung $#Enteignung $#Enteignungsrecht $#Expropriation $74014843-9 $8Enteignung [Ts1] $9085033626 
045F    $a909 $eDDC23BSB 
045F/01 $a909 
045F/03 $f09044 
045F/03 $f09045 
045F/03 $g4385 
045F/03 $g43151 
045R    $aGeschichte 1945-1949 

lok: 48508549 78

exp: 48508549 78 1 #EPN
201B/01 $003-09-21 $t11:40:40.000 
201C/01 $003-09-21 
201U/01 $0utf8 
203@/01 $01167411064 
208@/01 $a03-09-21 $be 
209A/01 $a/ $f000 $x00 
209A/01 $ab*p $x01 
209B/01 $a3 $x05 
220C/01 $apgar 
244Z/01 $#Schlesien $#Schlesien $#Herzogtum Schlesien $#Herzogtum Schlesien Schlesien $#Provinz Schlesien $#Śla̜sk $#Slezsko $#Silesia $74052678-1 $8--Tg1--Schlesien $x01 $9085146781 
247C/01 $82080>Marburg/Lahn, Herder-Institut, Forschungsbibliothek, Bibliographieportal $9336309341
LEADER 00000caa a2200000 c 4500
001 485085496
003 DE-603
005 20210903224150.0
007 tu
008 210903s2016 xx |||| | u00||u|ger c
035 |a (DE-599)HEB485085496 
040 |a DE-603  |b ger  |c DE-603  |d DE-603  |e rda 
041 |a ger 
082 0 4 |8 1\u  |a 909  |q DE-101  |2 23/BSB 
085 |8 1\u  |b 909 
085 |8 1\u  |z 1  |s 09044 
085 |8 1\u  |z 1  |s 09045 
085 |8 1\u  |z 2  |s 4385 
085 |8 1\u  |z 2  |s 43151 
100 1 |a Schubert, Werner  |e Verfasser  |4 aut  |0 (DE-603)137767412 
245 0 0 |a Entnazifizierung und Volksentscheid 
246 1 3 |a Weißwasser: Entnazifizierung und Volksentscheid / Werner Schubert 
264 0 |c 2016 
336 |a Text  |b txt  |2 rdacontent 
337 |a ohne Hilfsmittel zu benutzen  |b n  |2 rdamedia 
338 |a Band  |b nc  |2 rdacarrier 
648 7 |a Geschichte 1945-1949  |2 gnd 
650 7 |a Entnazifizierung  |0 (DE-588)4014891-9  |0 (DE-603)08503374X  |2 gnd 
650 7 |a Volksabstimmung  |0 (DE-588)4134790-0  |0 (DE-603)085494747  |2 gnd 
650 7 |a Enteignung  |0 (DE-588)4014843-9  |0 (DE-603)085033626  |2 gnd 
651 7 |a Weißwasser/O. L.  |0 (DE-588)4278971-0  |0 (DE-603)086503634  |2 gnd 
773 0 8 |i Enthalten in  |t Vom schweren Neubeginn nach dem Zweiten Weltkrieg 1945 in der Lausitz  |d Kamenz : Dr. Dieter Rostowski, Autorenkreis "Lausitzer Almanach" e.V, 2016  |h 384 Seiten, Illustrationen, Karten  |g (2016), Seite 156-160  |w (DE-603)48508385X 
924 0 |9 2080  |a (DE-603)1167411064  |b DE-2080  |c HES  |d d  |g /